000 00537nam a2200229Ia 4500
003 0100
008 130303s9999 xx 000 0 und d
020 _a0395285801
040 _cARRUPELIB
050 _aBF637.C6S55 1980
100 _aShertzer, Bruce
245 _aFundamentals of counseling
250 _a3rd ed.
260 _aBoston, Massachusetts
260 _bHoughton Miflin Company
260 _C1980
300 _ax
300 _b 476p. 25cm.
650 _aPSYCHOLOGY
700 _aStone, Shelley C
942 0 0 _01
999 _c13977
_d13977